Účtovníctvo v poisťovniach

Gespeichert in:
Bibliographische Detailangaben
1. Verfasser: Majtánová, Anna
Körperschaft: Ekonomická univerzita v Bratislave. Národohospodárska fakulta
Weitere Verfasser: Bozsnyáková, Erika, 1972-, Pospíšilová, Pavla
Format: Buch
Sprache:Slowakisch
Veröffentlicht: Bratislava Vydavateľstvo Ekonóm 1997
Schlagworte:
Tags: Tag hinzufügen
Keine Tags, Fügen Sie das erste Tag hinzu!

MARC

LEADER 00000nam a2200000 4500
001 c100019
005 20240502071313.6
020 |a 80-225-0925-6 
041 0 |a slo 
044 |a SK 
245 1 0 |a Účtovníctvo v poisťovniach  |c Anna Majtánová, Erika Bozsnyáková, Pavla Pospíšilová 
264 1 |a Bratislava  |b Vydavateľstvo Ekonóm  |c 1997 
300 |a 159 s. 
610 2 0 |a účtovníctvo 
610 2 0 |a poisťovne 
610 2 0 |a účtovanie 
100 1 |a Majtánová, Anna 
700 1 |a Bozsnyáková, Erika, 1972- 
700 1 |a Pospíšilová, Pavla 
710 2 |a Ekonomická univerzita v Bratislave. Národohospodárska fakulta